Métro parisien : Stations de la ligne 2 - Statistiques

Statistiques générales
  • Ce quiz a été pris 362 fois
  • Le résultat moyen est 18 sur 25
Statistiques - réponses
Station Correspondances % Correct
Porte Dauphine
93%
Charles de Gaulle - Étoile
88%
Nation
87%
Pigalle
81%
Barbès - Rochechouart
79%
Stalingrad
78%
Jaurès
75%
La Chapelle
75%
Anvers
73%
Place de Clichy
73%
Victor Hugo
72%
Villiers
70%
Belleville
68%
Blanche
68%
Père Lachaise
68%
Rome
68%
Monceau
67%
Ternes
65%
Courcelles
64%
Colonel Fabien
62%
Alexandre Dumas
60%
Ménilmontant
59%
Avron
58%
Couronnes
56%
Philippe Auguste
52%
Aucun quiz correspondant
Distribution des résultats
% des personnes avec chaque résultat
Percentile par nombre de réponses
Votre historique - résultats
Vous n’avez pas pris ce quiz